| 000 | 01401 a2200253 4500 | ||
|---|---|---|---|
| 001 | 4277 | ||
| 005 | 20260407155432.0 | ||
| 008 | 260407a2010 arg spa d | ||
| 003 | AR-UNSa-BCEJYS | ||
| 040 |
_aAR-UNSa-BCEJYS _bspa _cAR-UNSa-BCEJYS |
||
| 080 |
_a330.101.542 _xMicroeconomía |
||
| 245 | 1 | 0 |
_aMicroeconomía _pversión para Latinoamerica |
| 020 | _a978-607-442-966-4 | ||
| 250 | _a9a. ed. | ||
| 264 | 1 |
_aMéxico : _bPearson Educación _c2010 |
|
| 300 |
_axxxv, 486 p. _c27 cm. |
||
| 505 | _a1. ¿Qué es la economía? - 2. El problema económico - 3. Oferta y demanda - 4. Elasticidad - 5. Eficiencia y equidad - 6. Acciones de los gobiernos en los mercados - 7. Mercados globales en acción - 8. Utilidad y demanda - 9. Posibilidades, preferencias y elecciones - 10. Organización de la producción - 11. Producción y costos - 12. Competencia perfecta - 13. Monopolio - 14. Competencia monopolística - 15. Oligopolio - 16. Externalidades - 17. Bienes públicos y recursos comunes - 18. Mercados de factores de producción - 19. Desigualdad económica - 20. Incertidumbre e información | ||
| 942 | _cBK | ||
| 590 | _aniveau_biblio:m niveau_hierar:0 | ||
| 100 | 1 | _aParkin, Michael | |
| 700 | 1 | _aLoría Díaz, Eduardo | |
| 700 | 1 | _aSánchez Carrión, Miguel Angel | |
| 856 | 4 | 1 |
_uhttps://biblioeco.unsa.edu.ar/pmb/images/libros/Microeconom?a(9a ed).jpg _yImagen de portada _qimage/jpeg |
| 999 |
_c407 _d407 |
||